| 000 | 00878nam a2200301 u 4500 | ||
|---|---|---|---|
| 001 | 200442908 | ||
| 003 | TR-AnTOB | ||
| 005 | 20260102160833.0 | ||
| 008 | 120925s2012 tu a g 001 0 tur | ||
| 020 | _a9789752774254 : | ||
| 040 |
_aTuAnMK _beng _cTR-AnTOB _erda |
||
| 041 | 0 | _atur | |
| 060 |
_aWS 420 _bP746 2012 |
||
| 096 |
_aWS420 _bP746 2012 |
||
| 245 | 0 | 0 |
_aPrenatal pediatri / _ceditörler: Murat Yurdakök ...[and four others]. |
| 260 | _c. | ||
| 264 | 1 |
_aAnkara : _bGüneş Tıp Kitabevleri, _c2012. |
|
| 300 |
_aix, 502 pages : _brnk. res. ; _c28 cm |
||
| 336 |
_2rdacontent _atext _btxt |
||
| 337 |
_2rdamedia _aunmediated _bn |
||
| 338 |
_2rdacarrier _avolume _bnc |
||
| 500 | _aDizin vardır | ||
| 650 | 2 |
_aPediatrics _9126624 |
|
| 700 | 1 |
_aYurdakök, Murat, _eeditor _9105515 |
|
| 942 |
_2NLM _cBK |
||
| 999 |
_c200442908 _d61120 |
||